000 00761nam a2200253 i 4500
001 69095
003 ES-MaACL
005 20250928093945.0
007 t|
008 040909s2003 sp ||||1| spa d
020 _a84-282-1311-9
080 _a821.134.2 Garcilaso de la Vega 1.07
080 _a821.134.2-14"15"
100 1 _aOrtega Martínez, Esperanza.
_987469
245 1 0 _aGarcilaso de la Vega /
_cEsperanza Ortega.
260 _aBarcelona :
_bOmega,
_c[2003]
300 _a422 p. ;
_c20 cm.
490 1 _aVidas literarias
600 0 4 _aGarcilaso de la Vega,
_d1501-1536
_955471
700 0 _aGarcilaso de la Vega,
_d1501-1536
_955471
830 0 _aVidas literarias
_9181947
852 _aES-MaACL
_jL-28094
_bR.134035
999 _c69095
_d69095